<?xml version="1.0" encoding="UTF-8"?><OAI-PMH xmlns="http://www.openarchives.org/OAI/2.0/" xmlns:xsi="http://www.w3.org/2001/XMLSchema-instance"     xsi:schemaLocation="http://www.openarchives.org/OAI/2.0/ http://www.openarchives.org/OAI/2.0/OAI-PMH.xsd"><responseDate>2026-05-14T22:52:27Z</responseDate><request verb="GetRecord" identifier="oai:regmurcia.com:fintegr.1777" metadataPrefix="marc21">http://oai.regmurcia.com/oai2/oai2.php</request><GetRecord><record><header><identifier>oai:regmurcia.com:fintegr.1777</identifier><datestamp>2026-05-15</datestamp><setSpec>documentos</setSpec></header><metadata><record  xmlns="http://www.loc.gov/MARC21/slim" xmlns:xsi="http://www.w3.org/2001/XMLSchema-instance" xsi:schemaLocation="http://www.loc.gov/MARC21/slim http://www.loc.gov/standards/marcxml/schema/MARC21slim.xsd" type="Bibliographic"><leader>00000nam a2200000   4500</leader><controlfield tag="001" >005070088</controlfield><controlfield tag="003" >1777</controlfield><controlfield tag="004" >A00000000</controlfield><datafield tag="245" ind1=" " ind2=" "><subfield code="a">Carta del concejo de Lorca al concejo de Murcia, sobre el mantenimiento de la tregua con el Reino de Granada.</subfield></datafield><datafield tag="300" ind1=" " ind2=" "><subfield code="c">207 x 284 mm.</subfield></datafield><datafield tag="351" ind1=" " ind2=" "><subfield code="a">Unidad Documental</subfield><subfield code="c">Archivo de Murcia. Array</subfield><subfield code="a">Unidad Documental</subfield><subfield code="c">Archivo de Murcia. Array</subfield></datafield><datafield tag="351" ind1=" " ind2=" "><subfield code="b">Nº 69</subfield></datafield><datafield tag="506" ind1=" " ind2=" "><subfield code="a">Acceso restringido</subfield></datafield><datafield tag="520" ind1=" " ind2=" "><subfield code="a">El concejo de Lorca pide al concejo de Murcia que haga todo lo posible para que se respete la tregua entre el Reino de Murcia y el Reino de Granada, como también se le ha pedido a María de Quesda, pues últimamente se han producido diversos conflictos fronterizos en Vera, Albox, Cantoria y otras poblaciones cercanas a las fronteras.</subfield></datafield><datafield tag="583" ind1=" " ind2=" "><subfield code="u">http://www.regmurcia.com/servlet/s.Sl?METHOD=VERDOCUMENTO&amp;sit=serv,Carmesi&amp;n=/01/1851/indice.djvu</subfield></datafield><datafield tag="592" ind1=" " ind2=" "><subfield code="a">1445-05-11</subfield></datafield><datafield tag="592" ind1=" " ind2=" "><subfield code="d">1445-05-11 00:00:00</subfield></datafield><datafield tag="651" ind1=" " ind2=" "><subfield code="a">Lorca</subfield></datafield><datafield tag="786" ind1=" " ind2=" "><subfield code="o">http://www.regmurcia.com/servlet/s.Sl?METHOD=VERDOCUMENTO&amp;sit=serv,Carmesi&amp;n=/01/1851/indice.djvu</subfield></datafield><datafield tag="856" ind1=" " ind2=" "><subfield code="u">http://www.regmurcia.com/servlet/s.Sl?METHOD=DETALLE&amp;sit=c,373,m,139,serv,Carmesi&amp;id=1777</subfield></datafield></record></metadata></record></GetRecord></OAI-PMH>
